Nález Ústavného súdu SR o podmienkach poskytovania lekárenskej starostlivosti

Bibliographic Details
Corporate Author: Slovensko. Ústavný súd (Author)
Format: Article
Language:Slovak
Subjects:

MARC

LEADER 00000nab a2200000 a 4500
001 vtls000698503
003 SK-MaSNL
005 20260303191221.0
008 140303c1999 xo 0 slo
015 |a SNBRB1999/09-19084 
035 |a CLN000050670 
040 |a SNKBUCL  |b slo  |c SNKBUCL  |e AACR2 
041 0 |a slo 
044 |a xo  |c SK 
080 |a 362.145(437.6):347.991.342.4(437.6)  |2 1997 
080 |a 347.991.342.4(437.6)  |2 1997 
080 |a 338.46(437.6):614.2  |2 1997 
110 0 |a Slovensko.  |b Ústavný súd  |4 aut  |9 17010 
245 0 0 |a Nález Ústavného súdu SR o podmienkach poskytovania lekárenskej starostlivosti 
500 |a Dokončenie v č. 29/1999 
610 1 7 |a Slovensko.  |b Ústavný súd  |2 snkbucl  |9 17010 
650 0 7 |a lekárenská starostlivosť  |2 snkbucl  |9 105703 
655 7 |a články z novín a časopisov  |2 snkbucl  |9 267496 
773 0 |t Zdravotnícke noviny  |g Roč. 4, č. 28 (1999), s. 6 
850 |a Slovenská národná knižnica v Martine 
852 |a SNK  |b KIS3GCP 
958 |a SK 
958 |a MI 
992 |a RBX 
999 |c 2140113  |d 2142043